000 00566nam a2200169 i 4500
001 78371
003 ES-MaACL
007 t|
008 041014s1965 mx ||||1| spa d
100 1 _aHatch, Raymond.
_962066
245 1 0 _aActividades de orientacíón en la escuela primaria /
_cRaymond Hatch, James W. Costar ; [versión española de Sonia Tancredi].
260 _aMéxico :
_bLibreros Mexicanos Unidos,
_c1965.
300 _a268 p. ;
_c19 cm.
700 1 _aCostar, James W.
_941131
700 1 _aTancredi, Soni.
_9109181
852 _aES-MaACL
_jE-2522
_bR.58299
999 _c78371
_d78371